Optimization theory with applications /
Guardado en:
| Autor Principal: | |
|---|---|
| Formato: | Libro |
| Idioma: | English |
| Publicado: |
New York :
Wiley,
c1969.
|
| Series: | Series in decision and control
|
| Etiquetas: |
Agregar Etiqueta
Sin Etiquetas, Sea el primero en etiquetar este registro!
|
| LEADER | 00643cam a22002055 4500 | ||
|---|---|---|---|
| 001 | MAT.inmabb002109 | ||
| 008 | 690814s1969####nyua#####b####001#0#eng#d | ||
| 005 | 20170607173924.0 | ||
| 245 | 1 | 0 | |a Optimization theory with applications / |c Donald A. Pierre. |
| 260 | |a New York : |b Wiley, |c c1969. | ||
| 300 | |a xv, 612 p. : |b il. ; |c 24 cm. | ||
| 440 | 0 | |a Series in decision and control | |
| 504 | |a Incluye referencias bibliográficas. | ||
| 510 | 4 | |a MR, |c 43 #1594 | |
| 020 | |a 0471689459 | ||
| 100 | 1 | |a Pierre, Donald A. | |
| 084 | |a 90.00 (65.00) |2 MR | ||
| 084 | |a 90Cxx (49D29 49Dxx) |2 MR | ||
| 010 | |a 69019239 | ||
| 859 | |h 90 |i P622 |p A-3764 |b BIB. MATEMATICA | ||
